000
00249 a2200097 4500
001
11848
100
_a
Gsousike, D
245
_a
Government, law and courtsin the soviet union and estern europe
260
_a
_b
Atlantic books
_c
090
_c
9104
_d
9104
942
_a
NUST-CAE
_c
M
_c
35939
999
_c
246921
_d
246921